000 00457nam a2200181Ia 4500
001 8103
005 20260306160544.0
008 260306t2005||||xx |||||||||||||| ||spa||
041 _aESP
082 _a370.1
_bS55
100 _aSilva, Marco
_eAUT
245 0 _aEducación interactiva:
_benseñanza y aprendizaje presencial y on-line
260 _c2005
300 _a284 páginas :
_c22 cm.
650 _aGEN
654 _aCED
942 _cLIB
_dJUS
_fJUS
_2ddc
_n
999 _c8103
_d8103